1750 1376 1922 1996 1251 1598 1349 1712 1956 1203 1751 1957 1364 1474 1173 1577 1608 1375 1620 1381 1057 1678 1227 1067 1321 1068 1796 1075 1800 1818 1386 1896 1348 1524 1641 1839 1885 1104 1907 1295 1441 1299 1388 1397 1924 1160 1610 1304 1326 1927 1734 1665 1282 1731 1941 1415 1389 1619 1088 1965 1232 1322 1181 1801 1454 1475 1491 1807 1909 1961 1563 1230 1090 1729 1866 1190 1818 1940 1138 1507 1467 1782 1120 1731 1126 1878 1068 1641 1957 1337 1062 1921 1040 1880 1601 1772 1367 1025 1142 BCNSPRNW ULIB Ver.6.0+V

เปลี่ยนเป็นภาษาไทย

Change to English
 แสดงรายละเอียดบรรณานุกรม
  กลับหน้าหลัก

Brief Record : Get Marc (ISO 2709) : E-mail record : QR code < ปิดหน้าต่าง
LEADER : 00000nam 2200000uu 4500
001    13399121565
003     ULIB
008    121123s2547||||th 000 0 tha d
020    ^a9746445308
060 04 ^aWW140^bส763ก
245 00 ^aการพยาบาลทาง ตา หู คอ จมูก ทันยุค /^cสุเชษฐ์ ชินไพโรจน์,จักรี หิรัญแพทย์, บรรณาธิการ
250    ^aพิมพ์ครั้งที่ 1
260    ^aกรุงเทพฯ :^bภาควิชาโสต ศอ นาสิกวิทยา ; ภาควิชาจักษุวิทยาคณะแพทยศาสตร์ มหาวิทยาลัยสงขลานครินทร์,^c2547
300    ^a422 หน้า :^bภาพประกอบ ;^c21 ซม.
650  7 ^aตา, โรค^xการพยาบาล
650  7 ^aจักษุวิทยา
650  7 ^aจักษุวิทยา, โรค^xการพยาบาล
650  7 ^aหูคอจมูก, โรค^xการพยาบาล
650  7 ^aโสตนาสิกซ์ลาริย์งวิทยา
700 0  ^aสุเชษฐ์ ชินไพโรจน์,^eบรรณาธิการ
700 0  ^aจักรี หิรัญแพทย์,^eบรรณาธิการ
710 2  ^aมหาวิทยาลัยสงขลานครินทร์. ^bภาควิชาจักษุวิทยา
710 2  ^aมหาวิทยาลัยสงขลานครินทร์. ^bภาควิชาโสต ศอ นาสิกวิทยา
945    ^p250^l0^i12912
945    ^p250^l0^i12913
995    ^aวิภา
999    ^aวิภา
รายการนี้ยังไม่มีแท็ก
คุณยังไม่ได้ล็อกอิน คุณสามารถมีกิจกรรมร่วมกับเว็บไซต์ได้ แต่ต้องล็อกอินก่อน ::
  ล็อกอิน

รายการสื่อสารสนเทศ

ลำดับที่ ประเภท เลขเรียก/บาร์โค้ด สถานที่ สถานะ
1. วิทยาศาสตร์การแพทย์ และสุขภาพ
วิทยาศาสตร์การแพทย์ และสุขภาพ
WW140 ส763ก  
  Barcode: 12912
ห้องสมุดวิทยาเขตสวรรค์ประชารักษ์
►หนังสือทั่วไป
บนชั้น
2. วิทยาศาสตร์การแพทย์ และสุขภาพ
วิทยาศาสตร์การแพทย์ และสุขภาพ
WW140 ส763ก ฉ.2 
  Barcode: 12913
ห้องสมุดวิทยาเขตสวรรค์ประชารักษ์
►หนังสือทั่วไป
บนชั้น

รายการใกล้เคียง
    หัวเรื่อง [จักษุวิทยา]
    หัวเรื่อง [โสตนาสิกซ์ลาริย์งวิทยา]

BibComment


ยังไม่เคยถูกคอมเมนท์

คอมเมนท์ทรัพยากรรายการนี้
  คอมเมนท์: การพยาบาลทาง ตา ..


 Copyright 2026. Bcnsprnw @Library